| 000 | 01342cam a22003974a 4500 | ||
|---|---|---|---|
| 001 | 8943 | ||
| 003 | FISKH | ||
| 005 | 20251211134513.0 | ||
| 008 | 100323s2011 flua j b 001 0 eng | ||
| 010 | _a 2010010107 | ||
| 020 |
_a9781615902620 _qalk. paper |
||
| 020 | _a9781615905027 | ||
| 035 | _a16149477 | ||
| 040 |
_aDLC _cDLC _dDLC _beng |
||
| 050 | 0 | 0 |
_aQL763 _b.M58 2011 |
| 082 | 0 | 0 |
_a591.3/9 _222 |
| 100 | 1 | _aMitten, Luana K. | |
| 245 | 1 | 0 |
_aPeek-a-boo, baby / _cLuana K. Mitten. |
| 260 |
_aVero Beach : _bRourke, _c2011. |
||
| 300 |
_a24 pages : _bcolor illustrations ; _c21 cm |
||
| 336 |
_atext _btxt _2rdacontent |
||
| 337 |
_aunmediated _bn _2rdamedia |
||
| 338 |
_avolume _bnc _2rdacarrier |
||
| 490 | 0 | _aAnimal babies and me | |
| 504 | _aIncludes bibliographical references and index. | ||
| 505 | _aC | ||
| 520 | _aThis enchanting book will capture the imagination of the very young child and the emergent reader as they discover how young animals play. | ||
| 521 | 8 |
_a100
_bLexile |
|
| 521 | 8 |
_aC
_bRaz-Plus |
|
| 650 | 0 |
_aAnimals _xInfancy _vJuvenile literature. |
|
| 650 | 0 |
_aGuessing games _vJuvenile literature. |
|
| 655 | 7 |
_aLiterature. _2lcgft _0https://id.loc.gov/authorities/genreForms/gf2014026415 |
|
| 906 |
_a7 _bcbc _corignew _d1 _eecip _f20 _gy-gencatlg |
||
| 942 |
_2ddc _cBK _n0 |
||
| 999 |
_c8943 _d8943 |
||